[Event "Hamburg Harburg 12th A"]
[Site "Hamburg"]
[Date "2017.08.04"]
[Round "1.1"]
[White "Kneip, Jakob"]
[Black "Martin Sommerfeldt, Luis"]
[Result "1-0"]
[WhiteElo "2085"]
[BlackElo "2026"]
[PlyCount "79"]
[EventDate "2017.08.06"]
[EventType "tourn"]
[EventRounds "5"]
[EventCountry "GER"]
[SourceDate "2017.08.14"]
[WhiteTeam "TV Fischbek Suederelbe"]
[BlackTeam "FC ST.Pauli 1910 eV SAbt"]

1. e4 d6 2. d4 g6 3. c4 Bg7 4. Nc3 Nd7 5. Be3 b6 6. Qd2 Bb7 7. f3 e6 8. Bd3 h6
9. Nge2 Ne7 10. h4 a6 11. h5 g5 12. d5 Ne5 13. Nd4 Nxd3+ 14. Qxd3 Qd7 15. g4 c5
16. dxc6 Nxc6 17. Nxc6 Qxc6 18. Bd4 Be5 19. O-O-O Ke7 20. Kb1 Rhd8 21. Rhe1 Ke8
22. Nd5 Rab8 23. Nxb6 a5 24. Nd5 Ba6 25. Ne3 Bf4 26. Bf6 Rd7 27. Rc1 Rdb7 28.
Rc2 Qa4 29. Nd1 Be5 30. Bxe5 dxe5 31. Qc3 Rb4 32. Qxe5 Rd8 33. b3 Bxc4 34. Nb2
Qb5 35. Nxc4 Rxb3+ 36. axb3 Qxb3+ 37. Nb2 Qb4 38. Rec1 a4 39. Qh8+ Ke7 40. Rc7+
1-0

[Event "Hamburg Harburg 12th A"]
[Site "Hamburg"]
[Date "2017.08.04"]
[Round "1.3"]
[White "Lohse, Marc"]
[Black "Franke, Lutz"]
[Result "0-1"]
[WhiteElo "2021"]
[BlackElo "2071"]
[PlyCount "66"]
[EventDate "2017.08.06"]
[EventType "tourn"]
[EventRounds "5"]
[EventCountry "GER"]
[SourceDate "2017.08.14"]
[WhiteTeam "Königsspr. SC.1984 e.V."]
[BlackTeam "SK Union Eimsbuettel eV"]

1. e4 e6 2. d3 d5 3. Nd2 Nf6 4. Ngf3 Bc5 5. e5 Nfd7 6. g3 Be7 7. Bg2 c5 8. O-O
Nc6 9. Re1 Qc7 10. Qe2 b6 11. Nf1 a5 12. Bf4 h6 13. h4 Ba6 14. h5 O-O-O 15. c3
g5 16. hxg6 fxg6 17. Bh3 g5 18. Bd2 Nf8 19. Rec1 Rg8 20. Bg4 Qd7 21. Rab1 d4
22. c4 Qe8 23. N3h2 Qg6 24. Bh5 Qg7 25. Re1 Bb7 26. Ng4 Nd7 27. Nfh2 Rdf8 28.
Nf6 Bxf6 29. exf6 Nxf6 30. Qxe6+ Kc7 31. Bf3 Re8 32. Qf5 Bc8 33. Bf4+ Kd8 0-1

[Event "Hamburg Harburg 12th A"]
[Site "Hamburg"]
[Date "2017.08.05"]
[Round "2.1"]
[White "Martin Sommerfeldt, Luis"]
[Black "Franke, Lutz"]
[Result "0-1"]
[WhiteElo "2026"]
[BlackElo "2071"]
[PlyCount "96"]
[EventDate "2017.08.06"]
[EventType "tourn"]
[EventRounds "5"]
[EventCountry "GER"]
[SourceDate "2017.08.14"]
[WhiteTeam "FC ST.Pauli 1910 eV SAbt"]
[BlackTeam "SK Union Eimsbuettel eV"]

1. Nf3 e6 2. b3 f5 3. Bb2 Nf6 4. e3 b6 5. d4 Bb7 6. Nbd2 Be7 7. Bd3 O-O 8. Qe2
Ne4 9. a3 d5 10. Ne5 Nxd2 11. Qxd2 Nd7 12. Nxd7 Qxd7 13. O-O-O a5 14. a4 Ba6
15. f4 c6 16. Rdg1 Bb4 17. c3 Bxd3 18. Qxd3 Bd6 19. Kc2 b5 20. Ra1 Rfb8 21.
Rhb1 Rb6 22. Bc1 Rab8 23. axb5 Rxb5 24. Bd2 c5 25. dxc5 Rxc5 26. Kd1 Rcb5 27.
c4 dxc4 28. bxc4 Rxb1+ 29. Rxb1 Rxb1+ 30. Qxb1 Bb4 31. Qc2 Kf7 32. Ke2 Qxd2+
33. Qxd2 Bxd2 34. Kxd2 Ke7 35. c5 Kd7 36. Kc3 Kc6 37. Kc4 h6 38. h3 h5 39. h4
g6 40. g3 a4 41. Kb4 a3 42. Kxa3 Kxc5 43. Kb3 Kd5 44. Kc3 Ke4 45. Kd2 Kf3 46.
Kd3 Kxg3 47. Ke2 Kxh4 48. Kf2 Kg4 0-1

[Event "Hamburg Harburg 12th A"]
[Site "Hamburg"]
[Date "2017.08.05"]
[Round "2.3"]
[White "Kneip, Jakob"]
[Black "Ramme, Christoph"]
[Result "0-1"]
[WhiteElo "2085"]
[BlackElo "2116"]
[PlyCount "123"]
[EventDate "2017.08.06"]
[EventType "tourn"]
[EventRounds "5"]
[EventCountry "GER"]
[SourceDate "2017.08.14"]
[WhiteTeam "TV Fischbek Suederelbe"]
[BlackTeam "SK Marmstorf GW Harburg"]

1. d4 Nf6 2. c4 e6 3. Nc3 Bb4 4. e3 O-O 5. Nge2 c6 6. a3 Ba5 7. b4 Bc7 8. d5
exd5 9. cxd5 Nxd5 10. Nxd5 cxd5 11. Bb2 Qg5 12. h4 Qf5 13. Nd4 Qf6 14. Bd3 Be5
15. g4 Nc6 16. g5 Qd6 17. Nf5 Qe6 18. Qh5 g6 19. Nh6+ Kg7 20. Qe2 Bxb2 21.
Qxb2+ Qe5 22. O-O-O d6 23. Be2 Be6 24. Ng4 Bxg4 25. Bxg4 f6 26. Rd2 Qe4 27. f3
Qxe3 28. Kd1 d4 29. Re1 Qc3 30. Qxc3 dxc3 31. Rxd6 fxg5 32. hxg5 Rad8 33. Rxd8
Rxd8+ 34. Kc2 Rd5 35. f4 a5 36. Kxc3 axb4+ 37. axb4 Kf8 38. Rh1 Kg7 39. Rd1
Rxd1 40. Bxd1 h6 41. gxh6+ Kxh6 42. Bf3 Nd8 43. Kd4 g5 44. fxg5+ Kxg5 45. Ke5
b5 46. Bd5 Kg4 47. Be6+ Kf3 48. Bd7 Ke3 49. Bxb5 Kd2 50. Bd7 Kc3 51. b5 Kb4 52.
Kd6 Nb7+ 53. Kc6 Na5+ 54. Kb6 Nc4+ 55. Ka6 Kc5 56. Be6 Nb6 57. Bg8 Nc8 58. Bf7
Nb6 59. Be8 Nd5 60. Ka7 Nb6 61. Kb7 Nc4 62. Ka6 {ZÃo} 0-1

[Event "Hamburg Harburg 12th A"]
[Site "Hamburg"]
[Date "2017.08.05"]
[Round "3.1"]
[White "Ramme, Christoph"]
[Black "Martin Sommerfeldt, Luis"]
[Result "1-0"]
[WhiteElo "2116"]
[BlackElo "2026"]
[PlyCount "83"]
[EventDate "2017.08.06"]
[EventType "tourn"]
[EventRounds "5"]
[EventCountry "GER"]
[SourceDate "2017.08.14"]
[WhiteTeam "SK Marmstorf GW Harburg"]
[BlackTeam "FC ST.Pauli 1910 eV SAbt"]

1. d4 Nf6 2. c4 d6 3. Nc3 e5 4. Nf3 Nbd7 5. g3 Be7 6. Bg2 c6 7. O-O a5 8. b3
O-O 9. Bb2 Qc7 10. Rc1 Re8 11. e3 Bf8 12. Na4 Qb8 13. Qc2 b5 14. cxb5 cxb5 15.
Nc3 Bb7 16. Rfd1 b4 17. Na4 Ra6 18. dxe5 dxe5 19. Qc7 Qa8 20. Rxd7 Bxf3 21.
Bxf3 Qxf3 22. Rxf7 Qh5 23. Qc4 Qxf7 24. Qxa6 Qh5 25. Kg2 Qf5 26. Qc4+ Kh8 27.
Nb6 Ng4 28. Qe2 e4 29. Rd1 Qg6 30. Nc4 Bc5 31. h3 Nh6 32. Rd5 Be7 33. Qh5 Qxh5
34. Rxh5 Nf7 35. Rxa5 Kg8 36. Bd4 Rc8 37. Nb6 Rb8 38. Ra8 Rxa8 39. Nxa8 Nd8 40.
Nc7 Kf7 41. f3 exf3+ 42. Kxf3 1-0

[Event "Hamburg Harburg 12th A"]
[Site "Hamburg"]
[Date "2017.08.05"]
[Round "3.2"]
[White "Lohse, Marc"]
[Black "Kneip, Jakob"]
[Result "1/2-1/2"]
[WhiteElo "2021"]
[BlackElo "2085"]
[PlyCount "50"]
[EventDate "2017.08.06"]
[EventType "tourn"]
[EventRounds "5"]
[EventCountry "GER"]
[SourceDate "2017.08.14"]
[WhiteTeam "Königsspr. SC.1984 e.V."]
[BlackTeam "TV Fischbek Suederelbe"]

1. e4 c5 2. Nf3 d6 3. Bb5+ Bd7 4. Bxd7+ Qxd7 5. O-O Nf6 6. Qe2 Nc6 7. c3 e6 8.
Rd1 Be7 9. d4 cxd4 10. cxd4 d5 11. e5 Ne4 12. Nbd2 Nxd2 13. Bxd2 O-O 14. h4
Rfc8 15. a3 Qd8 16. h5 Qb6 17. Bc3 Rc7 18. Nh2 Na5 19. Rd3 Nb3 20. Rad1 Rac8
21. Qe1 a5 22. Qe3 a4 23. Ng4 Qb5 24. Nf6+ Kh8 25. Ng4 Kg8 1/2-1/2

[Event "Hamburg Harburg 12th A"]
[Site "Hamburg"]
[Date "2017.08.06"]
[Round "4.3"]
[White "Ramme, Christoph"]
[Black "Lohse, Marc"]
[Result "1-0"]
[WhiteElo "2116"]
[BlackElo "2021"]
[PlyCount "33"]
[EventDate "2017.08.06"]
[EventType "tourn"]
[EventRounds "5"]
[EventCountry "GER"]
[SourceDate "2017.08.14"]
[WhiteTeam "SK Marmstorf GW Harburg"]
[BlackTeam "Königsspr. SC.1984 e.V."]

1. d4 Nf6 2. c4 e6 3. Nc3 Bb4 4. Qc2 d5 5. a3 Bxc3+ 6. Qxc3 Ne4 7. Qc2 e5 8.
dxe5 Bf5 9. Qb3 Nc5 10. Qg3 O-O 11. b4 Ne4 12. Qb3 dxc4 13. Qxc4 b5 14. Qd3 Qe7
15. Bb2 Nc6 16. Qxb5 Nxf2 17. Kxf2 1-0

[Event "Hamburg Harburg 12th A"]
[Site "Hamburg"]
[Date "2017.08.06"]
[Round "4.2"]
[White "Kneip, Jakob"]
[Black "Franke, Lutz"]
[Result "1-0"]
[WhiteElo "2085"]
[BlackElo "2071"]
[PlyCount "37"]
[EventDate "2017.08.06"]
[EventType "tourn"]
[EventRounds "5"]
[EventCountry "GER"]
[SourceDate "2017.08.14"]
[WhiteTeam "TV Fischbek Suederelbe"]
[BlackTeam "SK Union Eimsbuettel eV"]

1. e4 e6 2. d4 d5 3. Nc3 Bb4 4. e5 c5 5. a3 Bxc3+ 6. bxc3 Qc7 7. Qg4 f5 8. Qg3
cxd4 9. cxd4 Ne7 10. Ne2 O-O 11. c3 Nbc6 12. h4 Bd7 13. Nf4 Ng6 14. Nxg6 hxg6
15. Rh3 Kf7 16. Be2 Rg8 17. h5 gxh5 18. Bxh5+ Kf8 19. Qg6 1-0

[Event "Hamburg Harburg 12th A"]
[Site "Hamburg"]
[Date "2017.08.06"]
[Round "5.1"]
[White "Lohse, Marc"]
[Black "Martin Sommerfeldt, Luis"]
[Result "0-1"]
[WhiteElo "2021"]
[BlackElo "2026"]
[PlyCount "76"]
[EventDate "2017.08.06"]
[EventType "tourn"]
[EventRounds "5"]
[EventCountry "GER"]
[SourceDate "2017.08.14"]
[WhiteTeam "Königsspr. SC.1984 e.V."]
[BlackTeam "FC ST.Pauli 1910 eV SAbt"]

1. e4 d6 2. d4 e5 3. d5 Nf6 4. Bd3 Nbd7 5. Be3 Be7 6. Nd2 O-O 7. g4 c6 8. c4
Qa5 9. g5 Ne8 10. a3 c5 11. Ne2 a6 12. Nc3 Qd8 13. h4 Nb8 14. Qc2 g6 15. O-O-O
h5 16. gxh6 Bxh4 17. Nf3 Be7 18. h7+ Kh8 19. Bh6 Ng7 20. Rdg1 Nd7 21. Qd2 Nf6
22. Bxg7+ Kxg7 23. Qh6+ Kh8 24. Nh4 Ng4 25. Nxg6+ fxg6 26. Qxg6 Qe8 27. Rxg4
Bxg4 28. Qxg4 Rxf2 29. Nd1 Rf4 30. Qg3 Qf7 31. Be2 Rxe4 32. Rf1 Qxh7 33. Bd3
Qh6+ 34. Kb1 Rf4 35. Rg1 Raf8 36. Qg2 Rh4 37. Bf5 Rh2 38. Qg3 Rh1 0-1

[Event "Hamburg Harburg 12th A"]
[Site "Hamburg"]
[Date "2017.08.06"]
[Round "5.2"]
[White "Franke, Lutz"]
[Black "Ramme, Christoph"]
[Result "1/2-1/2"]
[WhiteElo "2071"]
[BlackElo "2116"]
[PlyCount "53"]
[EventDate "2017.08.06"]
[EventType "tourn"]
[EventRounds "5"]
[EventCountry "GER"]
[SourceDate "2017.08.14"]
[WhiteTeam "SK Union Eimsbuettel eV"]
[BlackTeam "SK Marmstorf GW Harburg"]

1. Nf3 Nf6 2. c4 e6 3. Nc3 d5 4. d4 dxc4 5. e3 a6 6. Bxc4 b5 7. Bb3 Bb7 8. O-O
Nbd7 9. Qe2 c5 10. dxc5 Nxc5 11. Bc2 Be7 12. Rd1 Qc7 13. Bd2 Rd8 14. Rac1 Qb8
15. Be1 O-O 16. Nb1 Nce4 17. Nbd2 Qa8 18. Nxe4 Nxe4 19. Ba5 Rxd1+ 20. Bxd1 Bf6
21. Ne1 Rc8 22. Rxc8+ Qxc8 23. Nd3 Nd6 24. f3 Nc4 25. Be1 Qc7 26. b3 Ne5 27.
Qc2 1/2-1/2

[Event "Hamburg Harburg 12th B"]
[Site "Hamburg"]
[Date "2017.08.04"]
[Round "1.3"]
[White "Albers, Andreas"]
[Black "Kurth, Michael"]
[Result "0-1"]
[WhiteElo "1955"]
[BlackElo "1950"]
[PlyCount "114"]
[EventDate "2017.08.06"]
[EventType "tourn"]
[EventRounds "5"]
[EventCountry "GER"]
[SourceDate "2017.08.14"]
[WhiteTeam "Hamburger SK von 1830 eV"]
[BlackTeam "Hamburger SK von 1830 eV"]

1. d4 Nf6 2. Nf3 e6 3. e3 c5 4. c3 Nc6 5. Bd3 d5 6. O-O Bd6 7. Nbd2 Bd7 8. Re1
Qc7 9. h3 O-O-O 10. dxc5 Bxc5 11. b4 Bd6 12. a4 e5 13. e4 dxe4 14. Bxe4 Nxe4
15. Nxe4 Bf5 16. Qe2 f6 17. Ba3 Be7 18. Qe3 Kb8 19. a5 Rd7 20. Nc5 Bxc5 21.
Qxc5 Rhd8 22. Bb2 Ne7 23. Qxc7+ Kxc7 24. c4 Bd3 25. Rec1 Be2 26. Nxe5 fxe5 27.
Bxe5+ Kc8 28. Bxg7 Ng6 29. Bh6 Rd1+ 30. Kh2 Ne5 31. a6 Rxc1 32. axb7+ Kxb7 33.
Rxc1 Nxc4 34. Re1 Re8 35. f3 Nb2 36. Rb1 Nd3 37. Bg7 Re6 38. Bd4 Ra6 39. Rb3
Ra2 40. Kg1 Ra4 41. Bc5 a6 42. Rc3 Ra1+ 43. Kh2 Rc1 44. Rb3 Kc6 45. f4 Nxc5 46.
bxc5 Rxc5 47. Re3 Bc4 48. g4 Rd5 49. f5 Rd3 50. Re7 Rd7 51. Re3 a5 52. h4 a4
53. g5 Bd3 54. Rf3 a3 55. Rf2 Bb1 56. g6 hxg6 57. fxg6 Bxg6 0-1

[Event "Hamburg Harburg 12th B"]
[Site "Hamburg"]
[Date "2017.08.04"]
[Round "1.2"]
[White "Apitzsch, Leon Fabian"]
[Black "Keuchen, Michael"]
[Result "0-1"]
[WhiteElo "1946"]
[BlackElo "2036"]
[PlyCount "82"]
[EventDate "2017.08.06"]
[EventType "tourn"]
[EventRounds "5"]
[EventCountry "GER"]
[SourceDate "2017.08.14"]
[WhiteTeam "SC Diogenes e.V."]
[BlackTeam "SF Hamburg e.V. 1934"]

1. d4 e6 2. c4 f5 3. Nc3 Nf6 4. e3 b6 5. Bd3 Bb7 6. f3 c5 7. Nge2 Nc6 8. O-O
Rc8 9. b3 Be7 10. d5 Ne5 11. e4 exd5 12. cxd5 c4 13. Bxc4 Nxc4 14. bxc4 Bc5+
15. Kh1 fxe4 16. fxe4 Qe7 17. Ng3 O-O 18. Bb2 d6 19. Qe2 Bd4 20. Nf5 Qe5 21.
Nxd4 Qxd4 22. Nb5 Qxe4 23. Qxe4 Nxe4 24. Rxf8+ Kxf8 25. Rf1+ Kg8 26. Rc1 a6 27.
Nd4 Nf2+ 28. Kg1 Nd3 29. Rc2 Bxd5 30. cxd5 Rxc2 31. Nxc2 Nxb2 32. Kf2 Nd1+ 33.
Ke1 Nc3 34. Ne3 b5 35. Nf5 Nxa2 36. Nxd6 Nb4 37. Kd2 Nxd5 38. Kd3 Nf4+ 39. Kc3
Nxg2 40. Kb4 Ne3 41. Ka5 Nc4+ 0-1

[Event "Hamburg Harburg 12th B"]
[Site "Hamburg"]
[Date "2017.08.04"]
[Round "1.1"]
[White "Pubantz, Jan"]
[Black "Richter, Ruediger"]
[Result "1-0"]
[WhiteElo "2013"]
[BlackElo "1912"]
[PlyCount "73"]
[EventDate "2017.08.06"]
[EventType "tourn"]
[EventRounds "5"]
[EventCountry "GER"]
[SourceDate "2017.08.14"]
[WhiteTeam "SK Ricklingen"]
[BlackTeam "SV Strand von 1974"]

1. d4 d5 2. c4 c6 3. Nf3 Nf6 4. Nc3 dxc4 5. a4 Bf5 6. Ne5 Na6 7. f3 Nd7 8. Nxc4
e6 9. e4 Bg6 10. Be3 Be7 11. Qd2 O-O 12. Be2 Nb4 13. O-O c5 14. d5 exd5 15.
Nxd5 Nxd5 16. Qxd5 Qc7 17. e5 Bf5 18. f4 Rad8 19. Qf3 Nb8 20. Qh5 Bd3 21. Bxd3
Rxd3 22. Rf3 Qc6 23. f5 Rfd8 24. Rh3 h6 25. f6 Bxf6 26. exf6 Qxf6 27. Rf1 Qe6
28. Ne5 Rxe3 29. Rxe3 Rd7 30. Qh3 Qxh3 31. Rxh3 Re7 32. Re1 Nc6 33. Nd3 Rxe1+
34. Nxe1 b6 35. Rd3 Ne5 36. Rd8+ Kh7 37. Nd3 1-0

[Event "Hamburg Harburg 12th B"]
[Site "Hamburg"]
[Date "2017.08.05"]
[Round "2.2"]
[White "Keuchen, Michael"]
[Black "Albers, Andreas"]
[Result "1-0"]
[WhiteElo "2036"]
[BlackElo "1955"]
[PlyCount "61"]
[EventDate "2017.08.06"]
[EventType "tourn"]
[EventRounds "5"]
[EventCountry "GER"]
[SourceDate "2017.08.14"]
[WhiteTeam "SF Hamburg e.V. 1934"]
[BlackTeam "Hamburger SK von 1830 eV"]

1. d4 Nf6 2. Bg5 e6 3. e4 h6 4. Bxf6 Qxf6 5. Qd2 d5 6. e5 Qd8 7. f4 c5 8. c3
Nc6 9. Nf3 Qb6 10. Be2 Bd7 11. O-O Be7 12. Kh1 cxd4 13. cxd4 O-O 14. Nc3 Na5
15. f5 Rfc8 16. f6 Bf8 17. fxg7 Bxg7 18. Nh4 Nc4 19. Qf4 Be8 20. Bh5 Rc7 21. b3
Na5 22. Rf3 Nc6 23. Rd1 Qb4 24. Rg3 Ne7 25. Qg4 Ng6 26. Nxg6 fxg6 27. Bxg6 Bxg6
28. Qxg6 Rf7 29. Qxe6 Raf8 30. Nxd5 Qb5 31. h3 1-0

[Event "Hamburg Harburg 12th B"]
[Site "Hamburg"]
[Date "2017.08.05"]
[Round "2.1"]
[White "Richter, Ruediger"]
[Black "Kurth, Michael"]
[Result "0-1"]
[WhiteElo "1912"]
[BlackElo "1950"]
[PlyCount "120"]
[EventDate "2017.08.06"]
[EventType "tourn"]
[EventRounds "5"]
[EventCountry "GER"]
[SourceDate "2017.08.14"]
[WhiteTeam "SV Strand von 1974"]
[BlackTeam "Hamburger SK von 1830 eV"]

1. e4 c5 2. Nc3 Nc6 3. f4 e6 4. Nf3 d5 5. Bb5 d4 6. Bxc6+ bxc6 7. Nb1 d3 8. O-O
Ba6 9. Re1 Nf6 10. b3 dxc2 11. Qxc2 Bd3 12. Qd1 Bxe4 13. Bb2 Bxf3 14. Qxf3 Qd5
15. Qe2 Be7 16. Na3 O-O 17. Nc4 Rfd8 18. Rac1 Qf5 19. g3 Nd5 20. Be5 Nb4 21. g4
Qd3 22. Qg2 Qd5 23. Re4 Nd3 24. Rf1 h6 25. Bc3 Bf8 26. f5 e5 27. Ne3 Qd6 28. g5
Nf4 29. Qg4 h5 30. Qf3 Re8 31. Nc4 Qd5 32. Bxe5 Nh3+ 33. Qxh3 Qxe4 34. Qxh5
Rxe5 35. Nxe5 Qxe5 36. Rf3 Qe1+ 37. Rf1 Qxd2 38. g6 fxg6 39. fxg6 Qh6 40. Qf5
Qe3+ 41. Kh1 Bd6 42. Qf7+ Kh8 43. Qf5 Re8 44. Rf3 Qe1+ 45. Rf1 Qh4 46. h3 Qe4+
47. Qxe4 Rxe4 48. Rf7 Re6 49. Rxa7 Rxg6 50. Ra8+ Kh7 51. a4 Rg3 52. Rd8 Be5 53.
Re8 Bd4 54. Rb8 Rxh3+ 55. Kg2 Re3 56. a5 Re7 57. a6 Ra7 58. Rb6 c4 59. Rxc6
cxb3 60. Rc4 b2 0-1

[Event "Hamburg Harburg 12th B"]
[Site "Hamburg"]
[Date "2017.08.05"]
[Round "2.3"]
[White "Pubantz, Jan"]
[Black "Apitzsch, Leon Fabian"]
[Result "1-0"]
[WhiteElo "2013"]
[BlackElo "1946"]
[PlyCount "123"]
[EventDate "2017.08.06"]
[EventType "tourn"]
[EventRounds "5"]
[EventCountry "GER"]
[SourceDate "2017.08.14"]
[WhiteTeam "SK Ricklingen"]
[BlackTeam "SC Diogenes e.V."]

1. d4 d5 2. c4 c6 3. Nf3 Nf6 4. Nc3 dxc4 5. a4 Bf5 6. Ne5 e6 7. f3 Bb4 8. Bg5
c5 9. dxc5 Qa5 10. Nxc4 Bxc3+ 11. bxc3 Qxc3+ 12. Nd2 Nc6 13. Rc1 Qa5 14. e4 Bg6
15. Bb5 h6 16. Bf4 O-O 17. O-O Rfd8 18. Bd6 a6 19. Nc4 Qb4 20. Rb1 Qc3 21. Bxc6
bxc6 22. Ne5 Bh5 23. Rb3 Rxd6 24. Rxc3 Rxd1 25. Rxd1 Nxe4 26. Rc4 Nf6 27. Nxc6
Nd5 28. Kf2 Rc8 29. Ne5 f6 30. Nd3 Rb8 31. Rd2 Kf8 32. Rb2 Rxb2+ 33. Nxb2 Ke7
34. Nd3 a5 35. Nf4 Nxf4 36. Rxf4 Be8 37. Rc4 Bc6 38. Ke3 e5 39. g3 Ke6 40. f4
exf4+ 41. gxf4 Kd5 42. Kd3 Be8 43. f5 Bc6 44. Kc3 h5 45. Kb3 Be8 46. Rc3 Bc6
47. Rg3 Kxc5 48. Rxg7 Kd4 49. Ra7 Ke4 50. Rxa5 Bd7 51. Rc5 Bxf5 52. Rxf5 Kxf5
53. a5 Kg4 54. a6 Kh3 55. a7 Kxh2 56. a8=Q h4 57. Qf3 h3 58. Kc4 f5 59. Kd4 f4
60. Ke4 Kg1 61. Qxh3 f3 62. Qxf3 1-0

[Event "Hamburg Harburg 12th B"]
[Site "Hamburg"]
[Date "2017.08.05"]
[Round "3.3"]
[White "Kurth, Michael"]
[Black "Keuchen, Michael"]
[Result "0-1"]
[WhiteElo "1950"]
[BlackElo "2036"]
[PlyCount "88"]
[EventDate "2017.08.06"]
[EventType "tourn"]
[EventRounds "5"]
[EventCountry "GER"]
[SourceDate "2017.08.14"]
[WhiteTeam "Hamburger SK von 1830 eV"]
[BlackTeam "SF Hamburg e.V. 1934"]

1. e4 e6 2. d4 d5 3. Nc3 Nf6 4. e5 Nfd7 5. Nf3 c5 6. Bd3 cxd4 7. Nb5 Nc6 8. Qe2
Qb6 9. O-O a6 10. Na3 Be7 11. Nb1 Nc5 12. a3 Bd7 13. Re1 Nxd3 14. Qxd3 a5 15.
b3 f5 16. Bb2 O-O 17. Nbd2 Bc5 18. Rad1 Be8 19. Ng5 Ne7 20. h4 h6 21. Nh3 Bh5
22. Nf3 f4 23. Rd2 Bg6 24. Qe2 Nc6 25. Qd1 Rac8 26. Qa1 Be4 27. Kh2 Bxf3 28.
gxf3 Be7 29. Ree2 Bc5 30. Rd1 Rf5 31. Kg2 Rcf8 32. Qc1 Qd8 33. c4 dxc3 34. Qxc3
b6 35. Qc1 Qxh4 36. Rh1 Qe7 37. Qc2 Rc8 38. Qc1 Rff8 39. Kf1 Nd4 40. Bxd4 Bxd4
41. Qd2 Bc5 42. Nxf4 Qf7 43. Nh5 Qxf3 44. Nf6+ Rxf6 0-1

[Event "Hamburg Harburg 12th B"]
[Site "Hamburg"]
[Date "2017.08.05"]
[Round "3.2"]
[White "Albers, Andreas"]
[Black "Pubantz, Jan"]
[Result "1/2-1/2"]
[WhiteElo "1955"]
[BlackElo "2013"]
[PlyCount "40"]
[EventDate "2017.08.06"]
[EventType "tourn"]
[EventRounds "5"]
[EventCountry "GER"]
[SourceDate "2017.08.14"]
[WhiteTeam "Hamburger SK von 1830 eV"]
[BlackTeam "SK Ricklingen"]

1. e4 c5 2. f4 d6 3. Nf3 g6 4. Bb5+ Bd7 5. Bxd7+ Qxd7 6. O-O Bg7 7. d4 cxd4 8.
Nxd4 Nf6 9. Nc3 O-O 10. Rf3 Nc6 11. Be3 Rac8 12. Rh3 a6 13. Qf3 Qg4 14. Rd1
Qxf3 15. Rxf3 b5 16. a3 Rfe8 17. Nxc6 Rxc6 18. Bd4 a5 19. e5 dxe5 20. Bxe5 b4
1/2-1/2

[Event "Hamburg Harburg 12th B"]
[Site "Hamburg"]
[Date "2017.08.05"]
[Round "3.1"]
[White "Apitzsch, Leon Fabian"]
[Black "Richter, Ruediger"]
[Result "1-0"]
[WhiteElo "1946"]
[BlackElo "1912"]
[PlyCount "65"]
[EventDate "2017.08.06"]
[EventType "tourn"]
[EventRounds "5"]
[EventCountry "GER"]
[SourceDate "2017.08.14"]
[WhiteTeam "SC Diogenes e.V."]
[BlackTeam "SV Strand von 1974"]

1. d4 d5 2. c4 c6 3. Nc3 dxc4 4. a4 e5 5. dxe5 Qxd1+ 6. Kxd1 Be6 7. f4 Na6 8.
Be3 O-O-O+ 9. Kc1 Bc5 10. Bd2 Bxg1 11. Rxg1 Nc5 12. Kc2 Rxd2+ 13. Kxd2 Nb3+ 14.
Ke1 Nxa1 15. e4 g6 16. g4 Nc2+ 17. Kd2 Nb4 18. f5 Bd7 19. Bxc4 Be8 20. f6 g5
21. h4 gxh4 22. Rh1 Bd7 23. Rxh4 Be6 24. Bxe6+ fxe6 25. g5 h5 26. g6 Nh6 27.
Rxh5 Rd8+ 28. Ke2 Ng4 29. g7 Nd3 30. f7 Nf4+ 31. Kf3 Nxh5 32. g8=Q Nxe5+ 33.
Ke3 1-0

[Event "Hamburg Harburg 12th B"]
[Site "Hamburg"]
[Date "2017.08.06"]
[Round "4.3"]
[White "Apitzsch, Leon Fabian"]
[Black "Albers, Andreas"]
[Result "1/2-1/2"]
[WhiteElo "1946"]
[BlackElo "1955"]
[PlyCount "112"]
[EventDate "2017.08.06"]
[EventType "tourn"]
[EventRounds "5"]
[EventCountry "GER"]
[SourceDate "2017.08.14"]
[WhiteTeam "SC Diogenes e.V."]
[BlackTeam "Hamburger SK von 1830 eV"]

1. d4 Nf6 2. Nc3 e6 3. e4 d5 4. e5 Nfd7 5. f4 c5 6. Nf3 Nc6 7. Be3 Qb6 8. Qd2
cxd4 9. Nxd4 Nxd4 10. Bxd4 Qa5 11. Be2 Bc5 12. O-O O-O 13. a3 Qb6 14. Bxc5
Qxc5+ 15. Kh1 a6 16. Rad1 b5 17. Rf3 Bb7 18. Rg3 Rac8 19. f5 exf5 20. Qh6 g6
21. Rh3 Rfe8 22. Qxh7+ Kf8 {[#]} 23. Qh6+ (23. b4 Qc7 (23... Qxc3 24. Rxc3 Rxc3
25. e6 {Das ist der Unterschied zwischen sofortigem und spÃNteren b4.}) 24.
Qh6+ Ke7 25. Nxd5+) 23... Ke7 24. b4 Qxc3 25. Rxc3 Rxc3 26. Qg5+ Ke6 27. g4
Nxe5 28. gxf5+ gxf5 29. Rf1 d4+ 30. Kg1 Be4 31. Bd1 Rcc8 32. Qh6+ f6 33. Rf2
Rg8+ 34. Kf1 Nc4 35. Re2 Rh8 36. Qc1 Rh4 37. Qa1 Ne3+ 38. Ke1 Rg8 39. Qxd4 Nc4
40. c3 Rhg4 41. Rf2 Rg1+ 42. Ke2 R8g4 43. Qa7 Bc6 44. Bb3 Re4+ 45. Kd3 Rge1 46.
Bxc4+ bxc4+ 47. Kc2 R4e2+ 48. Rxe2+ Rxe2+ 49. Kd1 Bf3 50. Qb6+ Kf7 51. Kc1 Re1+
52. Kc2 Re2+ 53. Kc1 Re1+ 54. Kd2 Re2+ 55. Kc1 Re1+ 56. Kd2 Re2+ 1/2-1/2

[Event "Hamburg Harburg 12th B"]
[Site "Hamburg"]
[Date "2017.08.06"]
[Round "4.2"]
[White "Pubantz, Jan"]
[Black "Kurth, Michael"]
[Result "1-0"]
[WhiteElo "2013"]
[BlackElo "1950"]
[PlyCount "35"]
[EventDate "2017.08.06"]
[EventType "tourn"]
[EventRounds "5"]
[EventCountry "GER"]
[SourceDate "2017.08.14"]
[WhiteTeam "SK Ricklingen"]
[BlackTeam "Hamburger SK von 1830 eV"]

1. d4 Nf6 2. c4 e6 3. g3 d5 4. Bg2 dxc4 5. Nf3 Bb4+ 6. Nbd2 O-O 7. Qc2 Nbd7 8.
O-O Bxd2 9. Nxd2 Nb6 10. Rd1 Qxd4 11. Ne4 Qe5 12. Bf4 Qf5 13. Bxc7 Nfd5 14.
Bxb6 Nxb6 15. Qc3 Rb8 16. Rac1 Na4 17. Qb4 a5 18. Qxa4 1-0

[Event "Hamburg Harburg 12th B"]
[Site "Hamburg"]
[Date "2017.08.06"]
[Round "4.1"]
[White "Richter, Ruediger"]
[Black "Keuchen, Michael"]
[Result "1/2-1/2"]
[WhiteElo "1912"]
[BlackElo "2036"]
[PlyCount "68"]
[EventDate "2017.08.06"]
[EventType "tourn"]
[EventRounds "5"]
[EventCountry "GER"]
[SourceDate "2017.08.14"]
[WhiteTeam "SV Strand von 1974"]
[BlackTeam "SF Hamburg e.V. 1934"]

1. e4 e6 2. Nf3 d5 3. Nc3 Nf6 4. e5 Nfd7 5. d4 c5 6. dxc5 Nc6 7. Bf4 Bxc5 8.
Bd3 f6 9. exf6 Qxf6 10. Bg5 Qf7 11. Bh4 Nde5 12. Nxe5 Nxe5 13. Bb5+ Nc6 14. O-O
O-O 15. Qd2 Nd4 16. Bg3 Bd7 17. Bd3 Rac8 18. Rae1 Kh8 19. Nd1 Bb5 20. Bxb5 Nxb5
21. c3 Nd6 22. Be5 Ne4 23. Qe2 Qg6 24. Ne3 Rf7 25. Bd4 Bd6 26. f3 Bxh2+ 27.
Kxh2 Qh5+ 28. Kg1 Ng3 29. Qd1 e5 30. Bxa7 d4 31. cxd4 Qh1+ 32. Kf2 Qh4 33. Kg1
Qh1+ 34. Kf2 Qh4 1/2-1/2